Home Print Resources E-Books E-Journals IIMT Lecture Series Library Membership Form Book Recommendation Form Campus Tour Take AdmissionAbout Us Contact Us

GST INCORPORATING (Record no. 50167)

000 -LEADER
fixed length control field nam a22 7a 4500
003 - CONTROL NUMBER IDENTIFIER
control field OSt
005 - DATE AND TIME OF LATEST TRANSACTION
control field 20200916140822.0
008 - FIXED-LENGTH DATA ELEMENTS--GENERAL INFORMATION
fixed length control field 200916b xxu||||| |||| 00| 0 eng d
040 ## - CATALOGING SOURCE
Transcribing agency serosoft
100 ## - MAIN ENTRY--PERSONAL NAME
Personal name BARE ACT
245 ## - TITLE STATEMENT
Title GST INCORPORATING
260 ## - PUBLICATION, DISTRIBUTION, ETC.
Place of publication, distribution, etc. CLP
300 ## - PHYSICAL DESCRIPTION
Extent 892
942 ## - ADDED ENTRY ELEMENTS (KOHA)
Source of classification or shelving scheme
Koha item type Book Bank
Holdings
Withdrawn status Lost status Source of classification or shelving scheme Damaged status Not for loan Home library Current library Date acquired Source of acquisition Cost, normal purchase price Inventory number Total Checkouts Barcode Date last seen Date last checked out Price effective from Koha item type Checked out
          IIMT University College of Law IIMT University College of Law 09/16/2020 WESTERN LAW HPUSE 850.00 00002480/19 3 04-B-7891 06/19/2023 05/22/2023 09/16/2020 Book Bank  
          IIMT University College of Law IIMT University College of Law 09/16/2020 WESTERN LAW HPUSE 850.00 00002480/19 1 04-B-7892 09/04/2021 02/01/2021 09/16/2020 Book Bank  
          IIMT University College of Law IIMT University College of Law 09/16/2020 WESTERN LAW HPUSE 850.00 00002480/19 3 04-B-7893 06/20/2023 06/15/2023 09/16/2020 Book Bank  
          IIMT University College of Law IIMT University College of Law 09/16/2020 WESTERN LAW HPUSE 850.00 00002480/19 3 04-B-7894 03/18/2026 03/18/2026 09/16/2020 Book Bank 07/31/2026
          IIMT University College of Law IIMT University College of Law 09/16/2020 WESTERN LAW HPUSE 850.00 00002480/19   04-B-7895 09/16/2020   09/16/2020 Book Bank  
          IIMT University College of Law IIMT University College of Law 09/16/2020 WESTERN LAW HPUSE 850.00 00002480/19 4 04-B-7896 07/07/2025 03/19/2025 09/16/2020 Book Bank  
          IIMT University College of Law IIMT University College of Law 09/16/2020 WESTERN LAW HPUSE 850.00 00002480/19 1 04-B-7897 09/13/2021 02/05/2021 09/16/2020 Book Bank  
IIMT, Central Library. All Rights Reserved IIMT,UNIVERSITY © 2023
Implemented and Customised by I CLOUDE EMS
You Are OPAC Visitor No
free web counter

Powered by Koha